00369nam a22001337a 4500003000400000008004100004082001800045245003900063260006000102300001300162650001600175650002400191650002000215OSt251124b |||||||| |||| 00| 0 eng d a630.954bI-2A aNational Commission on Agriculture aNew DelhibMinistry of Agriculture and Irrigationc1976 axv,748p. aAgriculture aNational Commission aAbridged Report